| Tag |
First Indicator |
Second Indicator |
Subfields |
| LEADER |
00000cam a2200000 i 4500 |
| 001 |
in00000798917 |
| 005 |
20151017074737.0 |
| 008 |
771101s1977 mdua b f00010 eng d |
| 010 |
|
|
|a gp 78000424
|
| 020 |
|
|
|c pbk.
|
| 035 |
|
|
|a (OCoLC)03402125
|
| 035 |
|
|
|9 ADQ5863AM
|
| 040 |
|
|
|a HEW
|c HEW
|d GPO
|d MvI-ocm
|d UtOrBLW
|
| 074 |
|
|
|a 507-G-12
|
| 086 |
|
|
|a HE 20.3159/2:13
|
| 110 |
1 |
|
|a United States.
|b National Institute of Health.
|b Carcinogen Bioassay and Program Resources Branch.
|
| 245 |
1 |
0 |
|a Bioassay of tetrachloroethylene for possible carcinogenicity.
|
| 264 |
|
1 |
|a Bethesda, Md. :
|b [Dept. of Health, Education, and Welfare, Public Health Service], National Institutes of Health, National Cancer Institute, Division of Cancer Cause and Prevention, Carcinogenesis Program, Carcinogen Bioassay and Program Resources Branch,
|c 1977.
|
| 300 |
|
|
|a ix, 47 pages, 37 unnumbered pages :
|b illustrations ;
|c 27 cm.
|
| 336 |
|
|
|a text
|b txt
|2 rdacontent
|
| 337 |
|
|
|a unmediated
|b n
|2 rdamedia
|
| 338 |
|
|
|a volume
|b nc
|2 rdacarrier
|
| 490 |
1 |
|
|a DHEW publication ; no. (NIH) 77-813
|
| 490 |
1 |
|
|a Carcinogenesis technical report series ; no. 13
|
| 500 |
|
|
|a "CAS number 127-18-4."
|
| 500 |
|
|
|a "NCI-CG-TR-13."
|
| 504 |
|
|
|a Bibliography: pages 46-47.
|
| 650 |
|
0 |
|a Tetrachloroethylene
|x Physiological effect.
|
| 650 |
|
0 |
|a Carcinogens.
|
| 830 |
|
0 |
|a DHEW publication ;
|v no. (NIH) 77-813.
|
| 810 |
1 |
|
|a United States.
|b National Cancer Institute.
|t Carcinogenesis technical report series ;
|v no. 13.
|
| 999 |
|
|
|a MARS
|
| 999 |
f |
f |
|s d448920d-42ba-3717-a13f-b3b2e3f6c298
|i d170bbb3-d3e9-3094-8116-36aeeb885951
|t 0
|
| 952 |
f |
f |
|p normal
|a Texas A&M University
|b College Station
|c Sterling C. Evans Library
|d Evans: US Documents (Annex 5th floor)
|t 0
|e HE 20.3159/ 2:13
|h Superintendent of Documents classification
|i unmediated -- volume
|m A14814520687
|
| 998 |
f |
f |
|a HE 20.3159/ 2:13
|t 0
|l Evans: US Documents (Annex 5th floor)
|